El huevo de Rolando /

Bibliographic Details
Main Author: Gutiérrez, Águeda (Author)
Format: Electronic eBook
Language:Spanish
Published: [España] : Á. Gutiérrez, [2014]
Subjects:
Online Access:Digitalia Hispánica

MARC

LEADER 00000nam a2200000Ii 4500
001 DIGULZM0008
003 NyNyDIG
006 m o d
007 cr |||||||||||
008 240108s2014 sp o 000 d spa d
035 |a (OCoLC)1417821113 
040 |a DGITA  |b eng  |e rda  |e pn  |c DGITA 
020 |a 9788416278909  |q ePub 
020 |z 9788416278893  |q papel 
050 1 4 |a PQ6707.U8774 ebook 
100 1 |a Gutiérrez, Águeda,  |e author. 
245 1 3 |a El huevo de Rolando /  |c Águeda Gutiérrez. 
264 1 |a [España] :  |b Á. Gutiérrez,  |c [2014] 
300 |a 1 online resource. 
336 |a text  |b txt  |2 rdacontent 
337 |a computer  |b c  |2 rdamedia 
338 |a online resource  |b cr  |2 rdacarrier 
347 |a text file  |2 rdaft 
347 |b EPUB 
588 0 |a Online resource; title from ePub title page (Digitalia, viewed January 8, 2024) 
655 7 |a Drama.  |2 lcgft 
791 2 |a Digitalia (Firm),  |e distributor. 
793 0 |g Digitalia eBook Collection:  |a Ulzama 
776 0 8 |i Print version:  |a Gutiérrez, Águeda.  |t Huevo de Rolando.  |d [España] : Á. Gutiérrez, [2014]  |z 9788416278893 
856 4 0 |3 Digitalia Hispánica  |u https://www.digitaliapublishing.com/a/88641/ 
910 |a Premium collection: 2024